| 000 | 01121nas a2200349 4500 | ||
|---|---|---|---|
| 001 | BR2017002907 | ||
| 003 | BR-BrBNA | ||
| 005 | 20231205131119.0 | ||
| 007 | ta | ||
| 008 | 230509b bl.|||p| |||| 00| 00por d | ||
| 040 |
_aBR-BrBNA _bpor _cBiblioteca Nacional de Agricultura |
||
| 041 | _a(Pt) | ||
| 072 | _aJ11; Q03 | ||
| 100 | 1 | _aFabiano, M.Z. | |
| 100 | 1 | _aForato, L.A. | |
| 100 | 1 | _aAssis, O.B.G. | |
| 100 | 1 | _aBernardes Filho, R. | |
| 245 | 1 | _aIncidência e identificação de bactérias em pontos de exposição e venda de hortifrutícolas: Um estudo de caso | |
| 650 | _aFRUTA | ||
| 650 | _aHORTALIÇA | ||
| 650 | _aPÓS-COLHEITA | ||
| 650 | _aARMAZENAMENTO | ||
| 650 | _aCOMERCIALIZAÇÃO | ||
| 650 | _aPERDA | ||
| 650 | _aCONTAMINAÇÃO | ||
| 650 | _aSAÚDE PÚBLICA | ||
| 650 | _aSEGURANÇA ALIMENTAR | ||
| 773 | 0 |
_tRevista Brasileira de Engenharia de Biossistemas (Brazil) _xISSN 2359-6724 _g(2017), v. 11(2) p. 164-171 _wBR2017002907 |
|
| 856 | 4 | 0 | _uhttp://seer.tupa.unesp.br/index.php/BIOENG/article/view/517/329 |
| 909 |
_a202311 _bLúcia _c55 _dLúcia Elande |
||
| 942 |
_2AGRIS _n0 _cANA |
||
| 999 |
_c253092 _d253092 |
||